The craft of research
Guardat en:
| Autors principals: | , , |
|---|---|
| Format: | Llibre |
| Idioma: | anglès |
| Publicat: |
Chicago
The University of Chicago Press
2008
|
| Edició: | 3a. ed |
| Matèries: | |
| Etiquetes: |
Afegir etiqueta
Sense etiquetes, Sigues el primer a etiquetar aquest registre!
|
MARC
| LEADER | 00000cam a2200000 a 4500 | ||
|---|---|---|---|
| 001 | UCE3715 | ||
| 003 | CL-VaPUC | ||
| 008 | 140925e20080000us |||||||||||||||||eng|d | ||
| 020 | |a 9780226065663 | ||
| 082 | 0 | 4 | |a 001.4 |b BOO |2 21 |
| 100 | 0 | |a Booth, Wayne C |e author |9 576194 | |
| 700 | 0 | |a Colomb, Gregory G |e author |9 576195 | |
| 700 | 0 | |a Williams, Joseph M |e author |9 576196 | |
| 245 | 1 | 4 | |a The craft of research |
| 250 | |a 3a. ed | ||
| 300 | |a 317 p | ||
| 942 | |c BK | ||
| 945 | |d 20140925 17:45:00 |a dcastane | ||
| 260 | |a Chicago |b The University of Chicago Press |c 2008 | ||
| 650 | 0 | |a Métodos de investigación |9 262618 | |
| 650 | 0 | |a Investigación científica |9 259857 | |
| 583 | |a last modification |c 20140925 17:45:00 |k Rodrigo Vera | ||
| 999 | |c 356878 |d 356876 | ||
| 952 | |0 0 |1 0 |3 erb |4 0 |6 001_400000000000000_BOO_2008 |7 0 |8 A |9 464640 |a BIBEDU |b BIBEDU |i 5115329 |o 001.4 BOO 2008 |p 5115329 |r 2019-11-23 |w 2019-11-23 |y BK |z Catalogado en:20140925 |k PSI | ||